=LDR 00000nam 2200000 4500 =001 INLIS000000000029082 =005 20200819084329 =035 ##$$a 0010-061300000029082 =008 200819################g##########0#ind## =041 ##$$a Ind =082 ##$$a 2x1.2 =090 ##$$a 2x1.2, Juh s =100 ##$$a Juhaidah, Abu =245 1#$$a Surat yaasin tahlil dan istighatsah, /$c Abu Juhaidah =260 ##$$a Jakarta :$b bintang terang,$c 2003 =300 ##$$a 172 hlm, ; $c 14 x 21 cm =650 #4$$a Alquran-terjemahan =850 ##$$a NBPNMAT =084 ##$$a 2x1.2 JUH s =990 ##$$a 20800071 =990 ##$$a 20800071